000 00763cam a2200253 4500
001 J802
008 090401t1992 xxu||||| |||| 00| 0 eng d
035 _a(Sirsi) u76764
041 _aeng
050 _a693.82
100 _aDonohue, P.A.
245 _aFalse alarms from automatic fire detection systems.
260 _aGarston, Watford
_bBuilding Research Establishment
_c1992
300 _a(4)p. : ill, ; 30cm.
350 _a0
490 _aBRE Information Paper
_v13/92
650 _aAUTOMATIC FIRE DETECTION SYSTEMS
650 _aFIRE ALARMS
650 _aHERTFORDSHIRE FIRE AND RESCUE SERVICE
690 _aBUILT ENVIRONMENT-BUILDING STANDARDS-FIRE REGULATIONS
710 _aBuilding Research Establishment
942 _n0
948 _c04/03/1997
999 _c96244
_d96244